| 000 | 00614nam a2200145Ia 4500 | ||
|---|---|---|---|
| 008 | 151213s9999 xx 000 0 und d | ||
| 100 | _aড: সরদার আব্দুস সাত্তার। | ||
| 245 |
_aবেগম রাজিয়া হোসেন জীবন ও গল্প। _cড: সরদার আব্দুস সাত্তার। |
||
| 260 |
_aঢাকা _bপালক পাবলিশার্স _c2009 |
||
| 300 | _a8634 p. | ||
| 650 | _aBangla | ||
| 650 | _aগল্প। | ||
| 700 | _aড: সরদার আব্দুস সাত্তার। | ||
| 999 |
_c4421 _d4421 |
||